Curso básico de responsabilidad social empresarial (Registro nro. 298601)

Detalles MARC
000 -ENCABEZADO
Número de control [NR] 00870 a2200229 4500
005 - FECHA Y HORA DE LA ÚLTIMA TRANSACCIÓN
control field 20150211135147.0
008 - DE LONGITUD FIJA DE DATOS DE ELEMENTOS - INFORMACIÓN GENERAL
Elementos de longitud fija [NR] 150211s2014 ck ad gr|||| 00| 0 spa d
020 ## - NUMERO INTERNACIONAL NORMALIZADO PARA LIBROS [R]
Número Internacional Normalizado del libro [NR] 9789588715551
040 ## - FUENTE DE CATALOGACION [NR]
Agencia de catalogación original [NR] CO-BoUCM
Idioma de catalogación [NR] spa
Quien Cataloga Jose A. Gerena
Quien Clasifica Jose A. Gerena
041 0# - CODIGO DE IDIOMA [R]
Código de idioma para texto/pista de sonido o título separado [R] Español
100 1# - ASIENTO PRINCIPAL--NOMBRE PERSONAL [NR]
Nombre personal [NR] Sierra Montoya, Jorge Emilio
ID Autoridad 63313
245 ## - MENCION DE TITULO [NR]
Título [NR] Curso básico de responsabilidad social empresarial
Mención de responsabilidad, etc. [NR] Jorge Emilio Sierra Montoya
260 ## - PUBLICACION, DISTRIBUCION, ETC. (PIE DE IMPRENTA) [R]
Fecha de publicación, distribución, etc. [R] 2014
Nombre del editor, distribuidor, etc. [R] Universidad Simón Bolívar
Lugar de publicación, distribución, etc. [R] Barranquilla (Colombia)
300 ## - DESCRIPCION FISICA [R]
Extensión [R] 98 páginas
490 ## - MENCION DE SERIE [R]
Mención de serie [R] Colección responsabilidad social y universitaria
650 #7 - ASIENTO SECUNDARIO DE MATERIA - TERMINO TEMATICO [R]
Término temático o nombre geográfico como elemento de entrada [NR] Administración de empresas
9 (RLIN) 26444
650 #7 - ASIENTO SECUNDARIO DE MATERIA - TERMINO TEMATICO [R]
9 (RLIN) 23693
Término temático o nombre geográfico como elemento de entrada [NR] Responsabilidad social
650 #7 - ASIENTO SECUNDARIO DE MATERIA - TERMINO TEMATICO [R]
9 (RLIN) 18533
Término temático o nombre geográfico como elemento de entrada [NR] Liderazgo
Subdivisión general [R] Administración
690 ## - ASUNTO AGREGADO LOCAL DE ENTRADA - TÉRMINO TEMÁTICO (OCLC, RLIN)
9 (RLIN) 42736
Acceso temático local Administración de empresas
942 ## - ELEMENTOS DE ENTRADA AGREGADOS (KOHA)
Sistema de clasificación DEWEY
Tema principal Administración
Tipo de ítem principal el descrito en 300a Libro
Edición 1
Clasificación 358.408
Parte restante de la signatura top. S724
Existencias
Fecha de último préstamo Total préstamos Signatura topográfica Código de barras Última vez visto Ejemplar Costo de reposición Price effective from Tipo de ítem Perdido Sistema de clasificación Dañado No prestable Tipo de ítem específico Suprimido Ubicación habitual Ubicación actual Localización Fecha de creación Proveedor Forma de adquisición Costo
04/02/2019 1 658.408 S724 100144838 04/12/2025 Ej.1 26000.00 22/01/2015 Libro   DEWEY     Libro   Claustro Claustro 4to piso 22/01/2015 12 Donación 26000.00